Music Quiz

Random Music or Artist Quiz

Musical Women by Image A-Z Quiz Stats

 Plays Quiz Updated Oct 24, 2019

Score 0/23 Timer 07:00
12 Plays Today
Question Answer Wrong Answers
Which B Artist Is This? Beyoncé
99.4%
Britney Spears
0.3%
Barbra Streisand
0.1%
Björk
0.1%
Which P Artist Is This? P!nk
98%
Patsy Cline
0.2%
Pat Benatar
0.2%
Patti Smith
0.3%
Which K Artist Is This? Katy Perry
97.8%
Kate Bush
0.3%
Kelly Clarkson
0.4%
Kesha
0.3%
Which A Artist Is This? Amy Winehouse
97%
Aretha Franklin
1.2%
Adele
0.6%
Alicia Keys
1.2%
Which G Artist Is This? Gwen Stefani
96.4%
Gladys Knight
0.5%
Gloria Gaynor
0.7%
Gloria Estefan
1.5%
Which S Artist Is This? Sia
95.9%
Sinéad O'Connor
1.2%
Sheryl Crow
0.6%
Shania Twain
0.9%
Which W Artist Is This? Whitney Houston
95.8%
Willow Smith
0.7%
Wynonna Judd
0.7%
Wendy O. Williams
1.2%
Which N Artist Is This? Nicki Minaj
95.7%
Nina Simone
0.7%
Norah Jones
0.8%
Nelly Furtado
1.5%
Which C Artist Is This? Cher
95.3%
Celine Dion
2.3%
Carrie Underwood
0.9%
Carole King
1.3%
Which M Artist Is This? Madonna
91.9%
Missy Elliott
4.7%
Miley Cyrus
1.4%
Mariah Carey
0.8%
Which I Artist Is This? Iggy Azalea
91.5%
Idina Menzel
2.7%
India.Arie
3.4%
Irene Cara
1.4%
Which H Artist Is This? Hilary Duff
91.4%
Halsey
1.8%
Helen Reddy
0.9%
Hayley Williams
4.9%
Which Y Artist Is This? Yoko Ono
91.2%
Yvonne Elliman
2.7%
Yasmin
1.8%
Yolanda Adams
2.7%
Which T Artist Is This? Tina Turner
91.2%
Taylor Swift
0.3%
Toni Braxton
4.2%
Tracy Chapman
2.9%
Which O Artist Is This? Olivia Newton-John
88.1%
Ofra Haza
1.7%
Odetta
2.3%
Olivia O’Brien
6.6%
Which D Artist Is This? Diana Ross
84.4%
Dolly Parton
1.8%
Demi Lovato
0.3%
Donna Summer
13.1%
Which Z Artist Is This? Zendaya
81.6%
Zara Larsson
8%
Zaz
2.7%
Zooey Deschanel
6%
Which J Artist Is This? Janis Joplin
79.5%
Joan Jett
6.5%
Joni Mitchell
9.1%
Janet Jackson
3.7%
Which R Artist Is This? Roberta Flack
76.8%
Reba McEntire
8.8%
Rihanna
0.8%
Rosemary Clooney
12.1%
Which F Artist Is This? Faith Hill
75.5%
Foxy Brown
3.5%
Fiona Apple
6.5%
Fergie
13.6%
Which L Artist Is This? Lauryn Hill
73.8%
Lady Gaga
0.4%
Lorde
2.2%
Lil' Kim
22.4%
Which V Artist Is This? Vanessa Williams
72.3%
Vicki Lawrence
7.2%
Vanessa Carlton
14.1%
Vera Lynn
4.9%
Which E Artist Is This? Ella Fitzgerald
65.7%
Etta James
28.4%
Enya
1.8%
Erykah Badu
3.3%

You're not logged in!

Compare scores with friends on all Sporcle quizzes.
OR
Log In

Sporcle TV

Today on Sporcle TV


Watch our educational content, quiz creation guides, and fun videos on Sporcle TV.

Show Comments

Extras

Top Quizzes Today


Score Distribution

Your Account Isn't Verified!

In order to create a playlist on Sporcle, you need to verify the email address you used during registration. Go to your Sporcle Settings to finish the process.

Report this User

Report this user for behavior that violates our Community Guidelines.

Details: